Algebra (Record no. 14713)

MARC details
000 -LEADER
fixed length control field 00580nam a22002057a 4500
003 - CONTROL NUMBER IDENTIFIER
control field URS
005 - DATE AND TIME OF LATEST TRANSACTION
control field 20230126082155.0
008 - FIXED-LENGTH DATA ELEMENTS--GENERAL INFORMATION
fixed length control field 171213b xxu||||| |||| 00| 0 eng d
040 ## - CATALOGING SOURCE
Transcribing agency urs
050 ## - LIBRARY OF CONGRESS CALL NUMBER
Classification number QA 154.2 C37 1989
100 ## - MAIN ENTRY--PERSONAL NAME
9 (RLIN) 813
Personal name Capitulo, F.M.,
Relator term author.
245 ## - TITLE STATEMENT
Title Algebra
Remainder of title a simplified approach
Statement of responsibility, etc. F.M. Capitulo
260 ## - PUBLICATION, DISTRIBUTION, ETC.
Place of publication, distribution, etc. Manila
Name of publisher, distributor, etc. National Book Store
Date of publication, distribution, etc. 1989
336 ## - CONTENT TYPE
Source rdacontent
Content type term text
Content type code txt
337 ## - MEDIA TYPE
Source rdamedia
Media type term unmediated
Media type code n
338 ## - CARRIER TYPE
Source rdacarrier
Carrier type term volume
Carrier type code nc
650 #0 - SUBJECT ADDED ENTRY--TOPICAL TERM
9 (RLIN) 192
Topical term or geographic name entry element Algebra.
700 ## - ADDED ENTRY--PERSONAL NAME
Relator code author
Personal name Capitulo, Florante M
942 ## - ADDED ENTRY ELEMENTS (KOHA)
Source of classification or shelving scheme Library of Congress Classification
Koha item type Filipiniana
Holdings
Withdrawn status Source of classification or shelving scheme Damaged status Not for loan Collection code Home library Current library Shelving location Date acquired Total Checkouts Full call number Barcode Date last seen Price effective from Koha item type
  Library of Congress Classification     Non-fiction Binangonan College Library Binangonan College Library Filipiniana Section 06/07/2023   QA 154.2 C37 1989 URSBIN-2631 12/13/2017 12/13/2017 Filipiniana
  Library of Congress Classification     Non-fiction Binangonan College Library Binangonan College Library Filipiniana Section 12/13/2017   QA 154.2 C37 1989 URSBIN-2630 12/13/2017 12/13/2017 Filipiniana

University of Rizal System
Email us at univlibservices@urs.edu.ph

Visit our Website www.urs.edu.ph/library